| 000 | 00798nam a22002292 4500 | ||
|---|---|---|---|
| 001 | 0000024580 | ||
| 005 | 20151217152304.0 | ||
| 008 | 140109s xx 000 0 eng d | ||
| 020 | _a0199858170 : | ||
| 040 |
_aKABU _cKABU |
||
| 100 | 1 |
_aRaustiala, Kal. _@0000184888 |
|
| 245 | 1 | 0 |
_aDoes the constitution follow the flag? : _bthe evolution of territoriality in American law / _cKal Raustiala. |
| 250 | _a1st ed. | ||
| 260 |
_aOxford : _bO. U. P., _c2009. |
||
| 300 | _ax, 313 p. | ||
| 650 | 0 |
_aConflict of laws _xJurisdiction _zUnited States. _@0000184889 |
|
| 650 | 0 |
_aExterritoriality. _@0000184890 |
|
| 651 | 0 |
_aUnited States _xForeign relations _xLaw and legislation. _@0000184891 |
|
| 852 | 1 | _9p1890 KES | |
| 908 | _a140109 | ||
| 950 | _@1 | ||
| 999 |
_c10349 _d10349 |
||